Livres et documents d'archives : sauvegarde et conservations / Françoise Flieder et Michel Duchein sauvegarde et conservations / Françoise Flieder et Michel Duchein
Descripción Física:
89 p. : il. ; 24 cm
Colección:
Cahiers techniques : musées et monuments , 6
Otros Autores:
Duchen, Michel
MARC
| LEADER | 00000nam a2200000Ia 4500 | ||
|---|---|---|---|
| 001 | 9457 | ||
| 008 | 160829s1986 xx 000 0 cat d | ||
| 080 | |a A-1-311 | ||
| 100 | |a Flieder, Françoise |9 34747 | ||
| 245 | |a Livres et documents d'archives : |b sauvegarde et conservations / Françoise Flieder et Michel Duchein | ||
| 260 | |a Paris : |b UNESCO, |c 1986 | ||
| 300 | |a 89 p. : |b il. ; |c 24 cm | ||
| 490 | |a Cahiers techniques : musées et monuments , 6 | ||
| 650 | |a Llibres |x Conservació i restauració |9 34748 | ||
| 650 | |a Fons d'arxius |x Conservació i restauració |9 34749 | ||
| 700 | |a Duchen, Michel |9 34750 | ||
| 710 | 2 | |a UNESCO |9 52950 | |
| 901 | |a Arxiu | ||
| 942 | |n 1 | ||
| 952 | |0 0 |1 0 |4 0 |6 A1311 |7 1 |9 46629 |a Arxiu |b Arxiu |d 2016-12-01 |l 0 |o A-1-311 |p 9457 |r 2016-12-01 00:00:00 |w 2016-12-01 |y ARXIU | ||
| 999 | |c 50422 |d 50422 | ||